Quel lait pour ces fromages ? - Statistiques

Statistiques générales
  • Ce quiz a été pris 75 fois
  • Le résultat moyen est 23 sur 50
Statistiques - réponses
Hint Réponse % Correct
Gruyère Vache
93%
Cabécou Chèvre
75%
Morbier Vache
75%
Chabis Chèvre
70%
Munster Vache
69%
Cantal Vache
69%
Tomme d'Auvergne Vache
68%
Beaufort Vache
68%
Reblochon Vache
68%
Maroilles Vache
68%
Camembert Vache
68%
Tomme du Jura Vache
65%
Abondance Vache
63%
Livarot Vache
62%
Brie de Meaux Vache
62%
Salers Vache
59%
Roquefoirt Brebis
58%
Crottin du Morvan Chèvre
58%
Picodon Chèvre
55%
Boule de Lille Vache
55%
Bleu d'Auvergne Vache
54%
Saint-Marcellin Vache
51%
Figuette Chèvre
46%
Valençay Chèvre
45%
Boulette d'Avesns Vache
45%
Coeur d'Arras Vache
45%
Sablé de Wissant Vache
44%
Bleu des Basques Brebis
41%
Selles-sur-Cher Chèvre
39%
Bergues Vache
39%
Dauphin Vache
39%
Pélardon Chèvre
35%
Banon Chèvre
34%
Fleur de lin Chèvre
31%
Fleur d'Audresselles Vache
31%
Fleur du Maquis Brebis
30%
Kululu Brebis
30%
Mâconnais Chèvre
28%
Calisson Chèvre
27%
Vézelay Chèvre
27%
Esbareich Brebis
25%
Domino Chèvre
25%
Bouchon de Sancerre Chèvre
25%
Capellou Vache
23%
Cailladou Vache
18%
Gour Noir Chèvre
17%
Tomme de Raillette Brebis
15%
Goustal Brebis
14%
Cabassou Brebis
11%
Tome de Provence Chèvre
11%
Aucun quiz correspondant
Distribution des résultats
% des personnes avec chaque résultat
Percentile par nombre de réponses
Votre historique - résultats
Vous n’avez pas pris ce quiz